000 00618cam a2200217 i 4500
008
049 _aMAIN
090 _aQA152.2
_bSWO
100 1 _aSwokowski, Earl W.
245 1 0 _aFundamentals of algebra and trigonometry /
_cEarl W. Swokowski.
260 _aBoston :
_bPrindle, Weber & Schmidt,
_c1968.
300 _ax, 417p. :
_bill. ;
_c24 cm.
500 _aIncludes index.
650 0 _aAlgebra.
650 0 _aPlane trigonometry.
907 _a.b10346211
_b15-10-14
_c07-08-14
003
005 20230123122105.0
040 _cNUST
942 _cBOOKS
_kQA152.2
_mSWO
999 _c127632
_d127632